000 00385nam a22001577a 4500
999 _c4391
_d4390
005 20210831114141.0
008 160628b xxu||||| |||| 00| 0 eng d
041 _aeng
082 _b10747
_a343.07
100 _aTandon, Mahesh Prasad and Rajesh
_93033
245 _aMohammedan Law
260 _bAllahabad law agency
_c2000
300 _a384
650 _aManagement
_9241
942 _cBK